Управление персоналом: учебное пособие для вузов

מידע ביבליוגרפי
מחברים אחרים: Колбачев Е. Б. (редактор)
סיכום:В соответствии с Федеральным государственным образовательным стандартом рассматриваются вопросы эффективного управления персоналом в современных организациях. Задача пособия — познакомить студентов с моделями, методами, принципами управления персоналом, улучшить понимание места и роли человеческих ресурсов в организации. Излагаются методы расчета экономической эффективности кадровых мероприятий, проводимых в современных организациях. Для студентов экономических специальностей вузов, аспирантов, специалистов в области управления человеческими ресурсами, экономики труда, менеджеров.
שפה:רוסית
יצא לאור: Ростов-на-Дону, Феникс, 2014
סדרה:Высшее образование
נושאים:
פורמט: ספר
KOHA link:https://koha.lib.tpu.ru/cgi-bin/koha/opac-detail.pl?biblionumber=254379

MARC

LEADER 00000nam0a2200000 4500
001 254379
005 20231101232929.0
010 |a 9785222196182 
035 |a (RuTPU)RU\TPU\book\276832 
090 |a 254379 
100 |a 20140320d2014 m y0rusy50 ca 
101 0 |a rus 
102 |a RU 
105 |a a j 001zy 
200 1 |a Управление персоналом  |e учебное пособие для вузов  |f под ред. Е. Б. Колбачева 
210 |a Ростов-на-Дону  |c Феникс  |d 2014 
215 |a 382 с.  |c ил. 
225 1 |a Высшее образование 
320 |a Библиогр.: с. 379-382. 
330 |a В соответствии с Федеральным государственным образовательным стандартом рассматриваются вопросы эффективного управления персоналом в современных организациях. Задача пособия — познакомить студентов с моделями, методами, принципами управления персоналом, улучшить понимание места и роли человеческих ресурсов в организации. Излагаются методы расчета экономической эффективности кадровых мероприятий, проводимых в современных организациях. Для студентов экономических специальностей вузов, аспирантов, специалистов в области управления человеческими ресурсами, экономики труда, менеджеров. 
606 1 |a Персонал  |x Управление  |2 stltpush  |3 (RuTPU)RU\TPU\subj\36605  |9 57925 
610 1 |a кадры 
610 1 |a кадровый менеджмент 
610 1 |a человеческие ресурсы 
610 1 |a изменения 
610 1 |a маркетинг 
610 1 |a персонал 
610 1 |a персонал-технологии 
610 1 |a вакансии 
610 1 |a отбор 
610 1 |a оценка 
610 1 |a адаптация 
610 1 |a обучение 
610 1 |a карьера 
610 1 |a руководители 
610 1 |a подготовка 
610 1 |a стимулирование 
610 1 |a мотивация 
610 1 |a экономическая безопасность 
610 1 |a стратегическое управление 
610 1 |a контроль 
610 1 |a трудовые ресурсы 
610 1 |a использование 
610 1 |a эффективность 
610 1 |a учебные пособия 
686 |a У9(2)240я73  |v LBC/SL-A  |2 rubbk 
702 1 |a Колбачев  |b Е. Б.  |4 340 
801 1 |a RU  |b 63413507  |c 20140320 
801 2 |a RU  |b 63413507  |c 20150625  |g RCR 
900 |a Управление персоналом 
900 |a Экономика труда 
942 |c BK 
954 |b 080400 
959 |a 53/20140320  |d 2  |e 379,40  |f ЧЗГЛ:1  |f АНЛ:1